• 首页
  • 本馆介绍
  • 公告通知
  • 最新文献
  • 馆藏检索
  • 电子资源
  • 读者导购
  • 参考咨询
  • 我的图书馆
  • 登录
  • 详细信息显示
  • 放入我的书架
  • 预约/预借图书
  • 作者相关作品
  • 分类相关作品
  • 丛书相关作品
  • 出版社相关作品

书目信息

  • 表格格式
  • 工作单格式
  • 卡片格式
题名:
教育行者的思考与探索
    
 
作者: 张朝晖 , 王治中 编著
分册:  
出版信息: 北京   中国水利水电出版社  2011.8
页数: 202页
开本: 26cm
丛书名:
单 册:
中图分类: G718.5
科图分类:
主题词: 高等职业教育--研究 , 高等职业教育
电子资源:
ISBN: 978-7-5084-8968-1
000 01017nam0 2200253 45
001 1360578359
005 20130603085503.76
010    @a978-7-5084-8968-1@dCNY45.00
100    @a20130513d2011 em y0chiy50 ea
101 0  @achi
102    @aCN@b110000
105    @aak z 000yy
106    @ar
200 1  @a教育行者的思考与探索@AJiao Yu Xing Zhe De Si Kao Yu Tan Suo@f张朝晖,王治中编著@FZhang Chao Hui, Wang Zhi Zhong Bian Zhu
210    @a北京@c中国水利水电出版社@d2011.8
215    @a202页@c图@d26cm
330    @a本书内容包括高等职业教育发展的战略思考、教育理念选择、教育实践和教育评价四部分。作者从教育发展环境的宏观层面到教育发展的现实选择的微观层面,从高等职业教育的“应然”状态到高等职业教育的“突然”状态,作者较为系统地理性思考和实践探索。
606 0  @a高等职业教育@x研究
606 0  @a高等职业教育
690    @aG718.5@v5
701  0 @a张朝晖@AZhang Chao Hui@f(1951-)@4编著
701  0 @a王治中@AWang Zhi Zhong@f(1952-)@4编著
801    @aCN@bTANGWEI@c20130523
905    @b0835725-27@dG718.5@e24@f3
    
    教育行者的思考与探索/张朝晖,王治中编著.-北京:中国水利水电出版社,2011.8
    202页:图;26cm
    
    
    ISBN 978-7-5084-8968-1:CNY45.00
    本书内容包括高等职业教育发展的战略思考、教育理念选择、教育实践和教育评价四部分。作者从教育发展环境的宏观层面到教育发展的现实选择的微观层面,从高等职业教育的“应然”状态到高等职业教育的“突然”状态,作者较为系统地理性思考和实践探索。
●
相关链接 在E读中查询图书 在五车中查询图书 在当当中查询图书 在豆瓣中查询图书


正题名:教育行者的思考与探索     索取号:G718.5/24         预约/预借

序号 登录号 条形码 馆藏地/架位号 状态 备注
1 0835725   208357259   第一样本阅览室/ [索取号:G718.5/24] 在馆    
2 0835726   208357268   第四借阅区/ [索取号:G718.5/24] 在馆    
3 0835727   208357277   第四借阅区/ [索取号:G718.5/24] 在馆    
唐山师范学院图书馆 欢迎您!
大连网信软件有限公司© 版权所有